Los imaginarios sociales: memorias y esperanzas colectivas
Uloženo v:
| Hlavní autor: | |
|---|---|
| Médium: | Kniha |
| Jazyk: | španělština |
| Vydáno: |
Buenos Aires
Ediciones Nueva Visión
2005
|
| Edice: | Colección Cultura y Sociedad
|
| Témata: | |
| Tagy: |
Přidat tag
Žádné tagy, Buďte první, kdo vytvoří štítek k tomuto záznamu!
|
MARC
| LEADER | 00000cam a2200000 a 4500 | ||
|---|---|---|---|
| 001 | UCF4393 | ||
| 003 | CL-VaPUC | ||
| 008 | 121206e20050000AG |||||||||||||||||spa|d | ||
| 020 | |a 9506022247 | ||
| 082 | 0 | 4 | |a 320.5 |b BAC |2 21 |
| 100 | 0 | |a Baczko, Bronislaw |e author |9 565947 | |
| 245 | 1 | 4 | |a Los imaginarios sociales: memorias y esperanzas colectivas |
| 300 | |a 200 p | ||
| 942 | |c BK | ||
| 945 | |d 20121206 00:00:00 |a dcastane | ||
| 260 | |a Buenos Aires |b Ediciones Nueva Visión |c 2005 | ||
| 650 | 0 | |a Ideologías políticas |9 255735 | |
| 650 | 0 | |a Política y gobierno |9 255151 | |
| 583 | |a last modification |c 20121206 10:49:00 |k Rodrigo Vera | ||
| 490 | 0 | |a Colección Cultura y Sociedad | |
| 999 | |c 350200 |d 350198 | ||
| 952 | |0 0 |1 0 |4 0 |6 320_500000000000000_BAC_2005 |7 0 |8 A |9 453419 |a BIBCUR |b BIBCUR |d 2019-11-22 |i 4930789 |o 320.5 BAC 2005 |p 4930789 |r 2025-04-22 |w 2019-11-22 |y BK |k PER | ||